000 00534nam a2200169Ia 4500
008 090124s9999 xx 000 0 und d
082 _b120260
100 _aधुरी विरेंद्र ह.
245 _a चितेवरची फुले
250 _a1
300 _a124
600 _aधुरी विरेंद्र ह.
630 _a चितेवरची फुले
700 _aधुरी विरेंद्र ह.
730 _a चितेवरची फुले
942 _cBOOK
999 _c166346
_d166346